[Event "Balaton op 36th"]
[Site "Balatonlelle"]
[Date "2018.06.19"]
[Round "8"]
[White "Vukovic, Ivo"]
[Black "Schmuck, Corentin"]
[Result "0-1"]
[WhiteElo "2031"]
[BlackElo "1925"]
[PlyCount "82"]
[EventDate "2018.06.12"]
[EventType "swiss"]
[EventRounds "9"]
[EventCountry "HUN"]
[SourceTitle "CBM 185 Extra"]
[Source "ChessBase"]
[SourceDate "2018.07.29"]
[SourceVersion "1"]
[SourceVersionDate "2018.07.29"]
[SourceQuality "1"]

1. e4 e6 2. d3 d5 3. Nd2 c5 4. Ngf3 Nc6 5. g3 Bd6 6. Bg2 Nge7 7. 0-0 0-0 8. c3 b6 9. Re1 Bc7 10. a3 a5 11. Qc2 b5 12. b3 Bb7 13. Bb2 Qd7 14. Rad1 a4 15. b4 cxb4 16. cxb4 Bb6 17. Qb1 Rac8 18. Qa1 f6 19. Bh3 d4 20. Qa2 Nd8 21. Rc1 Rxc1 22. Rxc1 Kh8 23. Qa1 Ndc6 24. Rc2 Qd6 25. Qa2 f5 26. Bg2 Ng6 27. Ng5 Nd8 28. f4 h6 29. e5 Qd7 30. Ngf3 Ne7 31. Qa1 Ndc6 32. Nf1 Rc8 33. Kh1 Ra8 34. h4 Nd5 35. Qe1 Ne3 36. Re2 Nxg2 37. Kxg2 Ne7 38. N1h2 Rc8 39. Kh3 Nd5 40. Qg1 Ne3 41. Qa1 h5 0-1

[Event "Zalakaros op 37th"]
[Site "Zalakaros"]
[Date "2018.05.30"]
[Round "6"]
[White "Czupor, Attila"]
[Black "Vukovic, Ivo"]
[Result "1-0"]
[WhiteElo "2209"]
[BlackElo "2031"]
[PlyCount "39"]
[EventDate "2018.05.25"]
[EventType "swiss"]
[EventRounds "9"]
[EventCountry "HUN"]
[SourceTitle "EXT 2019"]
[Source "ChessBase"]
[SourceDate "2018.10.10"]
[SourceVersion "1"]
[SourceVersionDate "2018.10.10"]
[SourceQuality "1"]

1. e4 e5 2. Nf3 Nc6 3. Bb5 Nge7 4. c3 d6 5. d4 Bd7 6. 0-0 Ng6 7. Re1 Be7 8. Bf1 0-0 9. d5 Nb8 10. Qb3 Qc8 11. Be3 a5 12. Nbd2 b6 13. Qc2 f5 14. exf5 Bxf5 15. Bd3 Bxd3 16. Qxd3 Nh4 17. Nxh4 Bxh4 18. Qc4 Bf6 19. Ne4 h6 20. Nxf6+ 1-0

[Event "Bosnjaci op 23rd"]
[Site "Bosnjaci"]
[Date "2018.01.07"]
[Round "7"]
[White "Vukovic, Ivo"]
[Black "Petrusic, Toni"]
[Result "0-1"]
[WhiteElo "2034"]
[BlackElo "2278"]
[PlyCount "76"]
[EventDate "2018.01.03"]
[EventType "swiss"]
[EventRounds "9"]
[EventCountry "CRO"]
[SourceTitle "CBM 182 Extra"]
[Source "ChessBase"]
[SourceDate "2018.02.23"]
[SourceVersion "1"]
[SourceVersionDate "2018.02.23"]
[SourceQuality "1"]

1. Nf3 Nf6 2. b3 g6 3. Bb2 Bg7 4. e3 d6 5. d4 0-0 6. Be2 Nbd7 7. 0-0 Ne4 8. c4 e5 9. dxe5 dxe5 10. Nbd2 Nxd2 11. Nxd2 Qe7 12. Qc2 a5 13. Rac1 Nc5 14. Ba3 Bf5 15. Ne4 Bxe4 16. Bxc5 Qxc5 17. Qxe4 c6 18. Qb1 Rfd8 19. Rfd1 Qb4 20. Qc2 a4 21. Kf1 a3 22. Qc3 Qe7 23. Rxd8+ Rxd8 24. b4 Ra8 25. e4 Qh4 26. g3 Qxe4 27. Qf3 Qxf3 28. Bxf3 f5 29. Rd1 Ra4 30. Rd8+ Bf8 31. b5 Rxc4 32. bxc6 bxc6 33. Rc8 Rc1+ 34. Kg2 e4 35. Be2 Kg7 36. Rc7+ Kh6 37. Bb5 Rc2 38. Bxc6 e3 0-1

[Event "Bosnjaci op 23rd"]
[Site "Bosnjaci"]
[Date "2018.01.06"]
[Round "6"]
[White "Turicar, Goran"]
[Black "Vukovic, Ivo"]
[Result "0-1"]
[WhiteElo "1832"]
[BlackElo "2034"]
[PlyCount "86"]
[EventDate "2018.01.03"]
[EventType "swiss"]
[EventRounds "9"]
[EventCountry "CRO"]
[SourceTitle "CBM 182 Extra"]
[Source "ChessBase"]
[SourceDate "2018.02.23"]
[SourceVersion "1"]
[SourceVersionDate "2018.02.23"]
[SourceQuality "1"]

1. e4 d6 2. Nf3 Nf6 3. Nc3 g6 4. d4 Bg7 5. Be2 0-0 6. 0-0 c6 7. Be3 Qc7 8. h3 Nbd7 9. Qd2 e5 10. Bh6 Re8 11. Bxg7 Kxg7 12. Bd3 a6 13. Rfe1 b5 14. b4 Qb6 15. Ne2 exd4 16. Nexd4 c5 17. e5 Nxe5 18. Nxe5 dxe5 19. bxc5 Qxc5 20. Nb3 Qd6 21. Qc3 Bb7 22. Rad1 Rac8 23. Qb2 Qc6 24. f3 Qb6+ 25. Kh1 Qc7 26. Rd2 Nh5 27. Kg1 f6 28. Red1 Rcd8 29. Nc1 Qc5+ 30. Kh2 Re7 31. Nb3 Qe3 32. Qa3 Rde8 33. Qc5 Qf4+ 34. Kg1 Qg5 35. Qf2 Nf4 36. Kh2 Nxd3 37. cxd3 Qf4+ 38. Kg1 Qb4 39. Nc5 Bc8 40. Ne4 f5 41. Ng3 Rd8 42. Qb6 Qd6 43. Qe3 f4 0-1

[Event "Bosnjaci op 23rd"]
[Site "Bosnjaci"]
[Date "2018.01.04"]
[Round "3"]
[White "Vukovic, Ivo"]
[Black "Mrkonjic, Nenad"]
[Result "1/2-1/2"]
[WhiteElo "2034"]
[BlackElo "2345"]
[PlyCount "106"]
[EventDate "2018.01.03"]
[EventType "swiss"]
[EventRounds "9"]
[EventCountry "CRO"]
[SourceTitle "CBM 182 Extra"]
[Source "ChessBase"]
[SourceDate "2018.02.23"]
[SourceVersion "1"]
[SourceVersionDate "2018.02.23"]
[SourceQuality "1"]

1. Nf3 d5 2. c4 c6 3. b3 Bf5 4. Bb2 e6 5. g3 h6 6. Bg2 Nf6 7. 0-0 Be7 8. d3 0-0 9. Nbd2 Nbd7 10. Rc1 Qa5 11. a3 Rfc8 12. Qc2 Qd8 13. Qb1 a5 14. Qa1 Bg6 15. Rfe1 Bh7 16. Ne5 Nxe5 17. Bxe5 Qf8 18. Bb2 Nd7 19. Rc2 Bg6 20. Nf3 Nc5 21. cxd5 cxd5 22. Qa2 a4 23. b4 Nb3 24. Rxc8 Rxc8 25. Nd4 Nxd4 26. Bxd4 Qd8 27. Qa1 f6 28. Rc1 Bf7 29. Rxc8 Qxc8 30. Qc3 Qd7 31. Be3 e5 32. d4 e4 33. Bd2 g5 34. Qc1 Bd6 35. e3 Bh5 36. h3 Kg7 37. Qc2 Kf8 38. Bf1 Bf7 39. b5 Bxa3 40. Qxa4 Bd6 41. Bb4 Kg7 42. Bxd6 Qxd6 43. Qa7 b6 44. Qb7 f5 45. Qc6 Qe6 46. Be2 Kf6 47. Qxe6+ Bxe6 48. Kh2 Bd7 49. h4 Be8 50. Kg2 Kg6 51. Kh2 Kf6 52. Kg2 Bd7 53. Kh2 Be8 1/2-1/2

[Event "Bosnjaci op 22nd"]
[Site "Bosnjaci"]
[Date "2017.01.04"]
[Round "2"]
[White "Vukovic, Ivo"]
[Black "Leventic, Ivan"]
[Result "1/2-1/2"]
[WhiteElo "2043"]
[BlackElo "2424"]
[PlyCount "84"]
[EventDate "2017.01.03"]
[EventType "swiss"]
[EventRounds "9"]
[EventCountry "CRO"]
[SourceTitle "CBM 176 Extra"]
[Source "ChessBase"]
[SourceDate "2017.03.02"]
[SourceVersion "1"]
[SourceVersionDate "2017.03.02"]
[SourceQuality "1"]

1. Nf3 d5 2. g3 c5 3. Bg2 Nf6 4. 0-0 g6 5. b3 Bg7 6. Bb2 0-0 7. c4 d4 8. d3 Nc6 9. Na3 e5 10. Nc2 Bf5 11. Nh4 Bg4 12. a3 a5 13. h3 Be6 14. e4 dxe3 15. Nxe3 Qd7 16. Nf3 Bxh3 17. Nxe5 Nxe5 18. Bxe5 Rfe8 19. Bxf6 Bxg2 20. Kxg2 Bxf6 21. Rb1 Bd4 22. Nd5 Ra6 23. Re1 Rae6 24. Qd2 Kg7 25. Nf4 Qc6+ 26. Nd5 b6 27. a4 h5 28. f3 Qd6 29. Re4 f5 30. Ree1 Be5 31. f4 Bd4 32. Rxe6 Qxe6 33. Kf1 Qd6 34. Re1 Rxe1+ 35. Qxe1 Kf7 36. Kg2 Qd8 37. Kf3 g5 38. Qh1 Kg6 39. Qe1 Kf7 40. Qh1 Kg6 41. Qe1 Kf7 42. Qh1 Kg6 1/2-1/2

[Event "FRM-ch op 25th"]
[Site "Struga"]
[Date "2016.07.20"]
[Round "5"]
[White "Velickovski Nejkovic, Maja"]
[Black "Vukovic, Ivo"]
[Result "1-0"]
[WhiteElo "2046"]
[BlackElo "2082"]
[PlyCount "89"]
[EventDate "2016.07.16"]
[EventType "swiss"]
[EventRounds "9"]
[EventCountry "MKD"]
[SourceTitle "CBM 173 Extra"]
[Source "ChessBase"]
[SourceDate "2016.08.29"]
[SourceVersion "1"]
[SourceVersionDate "2016.08.29"]
[SourceQuality "1"]

1. c4 b6 2. Nc3 Bb7 3. d4 e6 4. a3 Nf6 5. Qc2 d5 6. Bf4 c6 7. Nf3 Nbd7 8. e3 Be7 9. Rd1 0-0 10. Bd3 Qc8 11. cxd5 cxd5 12. Qe2 Bxa3 13. 0-0 Be7 14. Rc1 Qd8 15. Nb5 Ba6 16. Bc7 Qe8 17. Nd6 Bxd3 18. Qxd3 Bxd6 19. Bxd6 Qd8 20. Bxf8 Qxf8 21. Qb5 Qd8 22. Rc6 Nb8 23. Rc2 Ne8 24. Rfc1 Nd6 25. Qb4 f6 26. b3 a5 27. Qa3 Ra7 28. h3 Kf7 29. Ne1 Na6 30. Nd3 Ra8 31. Rc6 Nb5 32. Qb2 Na7 33. R6c2 Qd6 34. f4 h5 35. Rf2 Re8 36. Ne5+ Kg8 37. Qe2 Nb4 38. Qxh5 Rf8 39. Ng6 Rd8 40. Qh8+ Kf7 41. Ne5+ fxe5 42. fxe5+ Kg6 43. Qh4 Qb8 44. Rcf1 Rh8 45. Rf6+ 1-0

[Event "Topusko op 4th"]
[Site "Topusko"]
[Date "2015.08.08"]
[Round "9"]
[White "Vukovic, Ivo"]
[Black "Vujnovic, Patricija"]
[Result "1/2-1/2"]
[WhiteElo "2110"]
[BlackElo "2101"]
[PlyCount "24"]
[EventDate "2015.08.01"]
[EventType "swiss"]
[EventRounds "9"]
[EventCountry "CRO"]
[SourceTitle "CBM 167 Extra"]
[Source "ChessBase"]
[SourceDate "2015.09.14"]
[SourceVersion "1"]
[SourceVersionDate "2015.09.14"]
[SourceQuality "1"]

1. Nf3 Nf6 2. g3 g6 3. Bg2 Bg7 4. 0-0 d5 5. d3 0-0 6. Nbd2 c5 7. e4 dxe4 8. Nxe4 Nxe4 9. dxe4 Nc6 10. c3 Bg4 11. h3 Bxf3 12. Bxf3 Ne5 1/2-1/2

[Event "Topusko op 4th"]
[Site "Topusko"]
[Date "2015.08.04"]
[Round "5"]
[White "Vukovic, Ivo"]
[Black "Vujnovic, Marko"]
[Result "1-0"]
[WhiteElo "2110"]
[BlackElo "1926"]
[PlyCount "87"]
[EventDate "2015.08.01"]
[EventType "swiss"]
[EventRounds "9"]
[EventCountry "CRO"]
[SourceTitle "CBM 167 Extra"]
[Source "ChessBase"]
[SourceDate "2015.09.14"]
[SourceVersion "1"]
[SourceVersionDate "2015.09.14"]
[SourceQuality "1"]

1. Nf3 d6 2. d4 Bg4 3. e3 c6 4. Be2 Nf6 5. 0-0 Nbd7 6. c4 e5 7. Nc3 Be7 8. Qc2 Qc7 9. b3 Bh5 10. Bb2 a5 11. Rac1 0-0 12. Nh4 Bg6 13. Nxg6 hxg6 14. Rfd1 Rfe8 15. h3 Nf8 16. d5 N8d7 17. dxc6 bxc6 18. Na4 Rad8 19. Ba3 Nc5 20. Bxc5 dxc5 21. Rxd8 Rxd8 22. Nc3 Rd7 23. Bf3 Nh7 24. Rd1 f5 25. Rxd7 Qxd7 26. Qd1 Qe6 27. g3 e4 28. Bg2 Bd6 29. h4 Nf6 30. Bh3 Bc7 31. Qd2 Ne8 32. Na4 Bd6 33. Qxa5 Nc7 34. Qb6 Qe5 35. Qxc6 Kh7 36. Qd7 Ne6 37. Nb6 Kh6 38. Qe8 Qa1+ 39. Kg2 Nf8 40. Nc8 Qd1 41. Nxd6 Qxd6 42. Qf7 Nh7 43. h5 Kxh5 44. Qxg7 1-0

[Event "Topusko op 4th"]
[Site "Topusko"]
[Date "2015.08.02"]
[Round "2"]
[White "Malesevic, Elvino"]
[Black "Vukovic, Ivo"]
[Result "1/2-1/2"]
[WhiteElo "1792"]
[BlackElo "2110"]
[PlyCount "173"]
[EventDate "2015.08.01"]
[EventType "swiss"]
[EventRounds "9"]
[EventCountry "CRO"]
[SourceTitle "CBM 167 Extra"]
[Source "ChessBase"]
[SourceDate "2015.09.14"]
[SourceVersion "1"]
[SourceVersionDate "2015.09.14"]
[SourceQuality "1"]

1. d4 d6 2. e3 Nf6 3. Bd3 Nbd7 4. f4 e5 5. Nd2 exd4 6. exd4 Qe7+ 7. Qe2 Nd5 8. Ndf3 Qxe2+ 9. Nxe2 Nb4 10. Kd2 Nxd3 11. Kxd3 Nf6 12. Ng3 h6 13. c4 Be7 14. Re1 Kd8 15. h3 Re8 16. Bd2 Bf8 17. Bc3 Rxe1 18. Rxe1 Be7 19. d5 Ne8 20. Re3 Bd7 21. Nd4 a6 22. Ngf5 Bf8 23. a3 g6 24. Ng3 Bg7 25. Ne4 Bxd4 26. Bxd4 c5 27. Bc3 Bf5 28. g4 Bxe4+ 29. Rxe4 Kd7 30. h4 b6 31. h5 gxh5 32. gxh5 Nc7 33. Bg7 Rg8 34. Bxh6 Ne8 35. Bg5 f6 36. Bh4 Rh8 37. Be1 Rxh5 38. Bc3 Rh4 39. Ke3 b5 40. Kf3 bxc4 41. Rxc4 f5 42. Kg3 Rg4+ 43. Kf3 Nc7 44. b4 cxb4 45. Bxb4 Nxd5 46. Bd2 Rh4 47. Kg3 Rg4+ 48. Kf3 Rh4 49. Kg3 Rh1 50. Ra4 Rd1 51. Bb4 Nc7 52. Ba5 Nd5 53. Bb4 Rd4 54. Rxa6 Nxb4 55. axb4 Rxb4 56. Kf3 Rb3+ 57. Ke2 Ke6 58. Ra8 Rh3 59. Rf8 Rh5 60. Ke3 Rh3+ 61. Ke2 Rb3 62. Kf2 Rb5 63. Ke3 Ke7 64. Rh8 Kd7 65. Kd4 Rb4+ 66. Kd5 Rb5+ 67. Kd4 Kc7 68. Rf8 Kc6 69. Rc8+ Kd7 70. Rh8 Rb1 71. Rh5 Rd1+ 72. Kc4 Ke6 73. Rh6+ Ke7 74. Rh7+ Kf6 75. Rh8 Kg7 76. Rh5 Kg6 77. Rg5+ Kf6 78. Rh5 d5+ 79. Kc5 d4 80. Kc4 d3 81. Rh6+ Kg7 82. Rh3 d2 83. Kc3 Kg6 84. Rg3+ Kf6 85. Rd3 Rf1 86. Rd6+ Kg7 87. Kxd2 1/2-1/2

[Event "Zagreb op"]
[Site "Zagreb"]
[Date "2015.04.19"]
[Round "3"]
[White "Vukovic, Ivo"]
[Black "Ivekovic, Zvonimir"]
[Result "1/2-1/2"]
[WhiteElo "2156"]
[BlackElo "2360"]
[PlyCount "114"]
[EventDate "2015.04.17"]
[EventType "swiss"]
[EventRounds "9"]
[EventCountry "CRO"]
[SourceTitle "CBM 166 Extra"]
[Source "ChessBase"]
[SourceDate "2015.06.18"]
[SourceVersion "1"]
[SourceVersionDate "2015.06.18"]
[SourceQuality "1"]

1. Nf3 c5 2. e4 d6 3. c3 Nf6 4. Be2 g6 5. 0-0 Bg7 6. h3 0-0 7. d3 c4 8. Nbd2 cxd3 9. Bxd3 Nc6 10. Re1 Qc7 11. Nf1 Rd8 12. Qe2 h6 13. Ng3 Be6 14. Nd4 Bd7 15. Bd2 Ne5 16. Bb5 Bxb5 17. Nxb5 Qc4 18. Qxc4 Nxc4 19. Bc1 d5 20. Nc7 Rac8 21. Nxd5 Nxd5 22. exd5 Rxd5 23. Nf1 Rd7 24. Ne3 Ne5 25. Kf1 f5 26. Nc2 Rcd8 27. Rb1 Nd3 28. Rd1 e5 29. Ne1 Nxc1 30. Rxd7 Rxd7 31. Rxc1 Rd2 32. Rc2 Rxc2 33. Nxc2 Kf7 34. Ke2 Ke6 35. f3 Bf8 36. Kd3 b5 37. b3 h5 38. c4 bxc4+ 39. Kxc4 e4 40. fxe4 fxe4 41. b4 Ke5 42. b5 Be7 43. Nd4 Kf4 44. Nc6 Kg3 45. Kd4 e3 46. Kxe3 Bc5+ 47. Ke4 Kxg2 48. h4 Kg3 49. Ne5 Kxh4 50. Nxg6+ Kg4 51. a4 Bb6 52. Ne5+ Kg3 53. Ng6 Kf2 54. Kf5 Bd8 55. Nf4 h4 56. Kg4 Ke3 57. Nd5+ Kd3 1/2-1/2

[Event "Kosice Kotan Memorial 6th"]
[Site "Kosice"]
[Date "2014.07.26"]
[Round "9"]
[White "Vukovic, Ivo"]
[Black "Panko, Radoslav"]
[Result "1-0"]
[WhiteElo "2152"]
[BlackElo "1781"]
[PlyCount "25"]
[EventDate "2014.07.19"]
[EventType "swiss"]
[EventRounds "9"]
[EventCountry "SVK"]
[SourceTitle "CBM 161 Extra"]
[Source "ChessBase"]
[SourceDate "2014.08.29"]
[SourceVersion "1"]
[SourceVersionDate "2014.08.29"]
[SourceQuality "1"]

1. Nf3 d6 2. d4 Bg4 3. Nbd2 Nd7 4. c3 c6 5. e3 e6 6. Be2 f5 7. Qb3 d5 8. Qxb7 Qc8 9. Ba6 Qxb7 10. Bxb7 Rb8 11. Bxc6 Bxf3 12. Nxf3 Bd6 13. Ng5 1-0

[Event "Kosice Kotan Memorial 6th"]
[Site "Kosice"]
[Date "2014.07.24"]
[Round "7"]
[White "Holtman, Teodor"]
[Black "Vukovic, Ivo"]
[Result "1-0"]
[WhiteElo "1946"]
[BlackElo "2152"]
[PlyCount "115"]
[EventDate "2014.07.19"]
[EventType "swiss"]
[EventRounds "9"]
[EventCountry "SVK"]
[SourceTitle "CBM 161 Extra"]
[Source "ChessBase"]
[SourceDate "2014.08.29"]
[SourceVersion "1"]
[SourceVersionDate "2014.08.29"]
[SourceQuality "1"]

1. e4 e5 2. Nf3 Nc6 3. d4 d6 4. Nc3 Be7 5. Be2 Nf6 6. h3 0-0 7. Be3 Bd7 8. g4 exd4 9. Nxd4 Ne8 10. Nf5 Bxf5 11. gxf5 Bg5 12. Qd2 Bxe3 13. Qxe3 Qh4 14. 0-0-0 Nf6 15. Rhg1 Rfe8 16. f3 Kf8 17. Rg5 Ne5 18. Rdg1 g6 19. fxg6 hxg6 20. f4 Ned7 21. Bf3 Nh7 22. R5g4 Qh6 23. Nd5 Rac8 24. Qf2 Ndf6 25. Rh4 Qg7 26. Nc3 a6 27. Kb1 c6 28. Qb6 Re7 29. a3 Kg8 30. Qd4 Rd7 31. Na4 Re8 32. Nb6 Rdd8 33. Qd3 Qf8 34. Nc4 Qe7 35. Ne3 Nxe4 36. Nf5 Qe6 37. Nd4 Qf6 38. Bxe4 Qxh4 39. Nf3 Qe7 40. Re1 Qf6 41. Rg1 Nf8 42. f5 d5 43. fxg6 dxe4 44. gxf7+ Kxf7 45. Qb3+ Ke7 46. Qxb7+ Rd7 47. Qb4+ Qd6 48. Qxe4+ Kd8 49. Qa4 c5 50. Qa5+ Kc8 51. Nh4 Kb7 52. Rg4 Ne6 53. Rc4 Rc8 54. Nf5 Qe5 55. Rb4+ Kc6 56. Qxa6+ Kd5 57. Qc4+ Kc6 58. Qb5+ 1-0

[Event "Kosice Kotan Memorial 6th"]
[Site "Kosice"]
[Date "2014.07.22"]
[Round "5"]
[White "Novotny, Adam"]
[Black "Vukovic, Ivo"]
[Result "0-1"]
[WhiteElo "2010"]
[BlackElo "2152"]
[PlyCount "59"]
[EventDate "2014.07.19"]
[EventType "swiss"]
[EventRounds "9"]
[EventCountry "SVK"]
[SourceTitle "CBM 161 Extra"]
[Source "ChessBase"]
[SourceDate "2014.08.29"]
[SourceVersion "1"]
[SourceVersionDate "2014.08.29"]
[SourceQuality "1"]

1. e4 e5 2. Nf3 Nc6 3. Bc4 Be7 4. d4 d6 5. d5 Nb8 6. Bd3 Nf6 7. c4 Nbd7 8. Nc3 0-0 9. Bc2 a5 10. 0-0 g6 11. Bh6 Re8 12. Nd2 Nc5 13. f3 Nh5 14. Be3 Nf4 15. a3 Bg5 16. Bxf4 Bxf4 17. Qe2 h5 18. Rad1 a4 19. Rfe1 Bd7 20. Nf1 Kg7 21. g3 Bh6 22. Ne3 h4 23. Qg2 Rh8 24. Re2 hxg3 25. hxg3 Bxe3+ 26. Rxe3 Qg5 27. Ree1 Rh3 28. Kf2 Rah8 29. Rh1 Rxh1 30. Rxh1 0-1

[Event "Plovdiv Tringov Memorial 36th"]
[Site "Plovdiv"]
[Date "2014.02.04"]
[Round "3"]
[White "Pantev, Veselin"]
[Black "Vukovic, Ivo"]
[Result "1-0"]
[WhiteElo "2415"]
[BlackElo "2173"]
[PlyCount "85"]
[EventDate "2014.02.02"]
[EventType "swiss"]
[EventRounds "9"]
[EventCountry "BUL"]
[SourceTitle "CBM 158 Extra"]
[Source "ChessBase"]
[SourceDate "2014.02.28"]
[SourceVersion "1"]
[SourceVersionDate "2014.02.28"]
[SourceQuality "1"]

1. d4 d6 2. Nf3 Nd7 3. Bf4 g6 4. e3 Bg7 5. h3 e5 6. Bh2 exd4 7. exd4 Ngf6 8. Bd3 Qe7+ 9. Be2 0-0 10. 0-0 Re8 11. Bd3 c6 12. Re1 Qf8 13. Rxe8 Nxe8 14. Nbd2 Ndf6 15. c3 d5 16. Qb3 Nd6 17. Re1 Qd8 18. a4 Bf8 19. c4 a6 20. Bf4 Qa5 21. c5 Nde8 22. Nf1 Qd8 23. Bg5 Bg7 24. N1h2 Nc7 25. Qb6 Ne6 26. Qxd8+ Nxd8 27. Ng4 Bxg4 28. Bxf6 Be6 29. Bxg7 Kxg7 30. b4 h6 31. Kf1 Kf8 32. Ke2 Bc8 33. Kd2 Ne6 34. h4 h5 35. g3 Nc7 36. Kc3 Bd7 37. Ne5 Be8 38. f4 a5 39. f5 axb4+ 40. Kxb4 gxf5 41. Bxf5 Na6+ 42. Kb3 Nc7 43. Rf1 1-0

[Event "Zalakaros op 32nd"]
[Site "Zalakaros"]
[Date "2013.05.26"]
[Round "5"]
[White "Suto, Gabor"]
[Black "Vukovic, Ivo"]
[Result "1-0"]
[WhiteElo "2193"]
[BlackElo "2170"]
[PlyCount "115"]
[EventDate "2013.05.22"]
[EventType "swiss"]
[EventRounds "9"]
[EventCountry "HUN"]
[SourceTitle "CBM 154 Extra"]
[Source "ChessBase"]
[SourceDate "2013.06.25"]
[SourceVersion "2"]
[SourceVersionDate "2013.06.25"]
[SourceQuality "1"]

1. d4 Nf6 2. Bg5 d6 3. Bxf6 exf6 4. e3 f5 5. g3 g6 6. Bg2 Bg7 7. Ne2 Nd7 8. c4 h5 9. h4 Nf6 10. Nbc3 0-0 11. Qd3 Re8 12. 0-0 a5 13. Rab1 c6 14. a3 Qc7 15. b4 axb4 16. axb4 Bd7 17. Rb3 Be6 18. Rc1 Rab8 19. b5 Bd7 20. Ra1 Ra8 21. Rab1 Reb8 22. Bf3 Bf8 23. Nf4 Bh6 24. Ng2 Bg7 25. Ne1 Re8 26. bxc6 bxc6 27. Rb7 Qc8 28. Ng2 Ra3 29. Qc2 Qa8 30. Nf4 Rd8 31. Qb2 Bf8 32. Nce2 Ne4 33. Bxe4 fxe4 34. Nc3 Bf5 35. Nfe2 Ra7 36. Rb3 Qc8 37. Nf4 Qa6 38. Qe2 Re8 39. Rb6 Qc8 40. Qb2 Ra6 41. Rb4 Qc7 42. Rb7 Qd8 43. Rb6 Rxb6 44. Qxb6 Qxb6 45. Rxb6 Rc8 46. Kf1 Bg7 47. Ke1 Bf6 48. Kd2 Kf8 49. Kc2 Ke7 50. Kb3 Kd7 51. Rb7+ Rc7 52. Rxc7+ Kxc7 53. Ncd5+ cxd5 54. Nxd5+ Kd7 55. Nxf6+ Ke6 56. Nd5 f6 57. Nb6 g5 58. Kb4 1-0

[Event "Zalakaros op 32nd"]
[Site "Zalakaros"]
[Date "2013.05.25"]
[Round "4"]
[White "Vukovic, Ivo"]
[Black "Jentsch, Dieter"]
[Result "1-0"]
[WhiteElo "2170"]
[BlackElo "2173"]
[PlyCount "61"]
[EventDate "2013.05.22"]
[EventType "swiss"]
[EventRounds "9"]
[EventCountry "HUN"]
[SourceTitle "CBM 154 Extra"]
[Source "ChessBase"]
[SourceDate "2013.06.25"]
[SourceVersion "2"]
[SourceVersionDate "2013.06.25"]
[SourceQuality "1"]

1. Nf3 d5 2. g3 Nc6 3. Bg2 e5 4. d3 Nf6 5. 0-0 Bd6 6. Bg5 Be6 7. Nc3 h6 8. Bxf6 Qxf6 9. e4 d4 10. Nd5 Qg6 11. c3 Bg4 12. h3 Bxf3 13. Qxf3 0-0 14. Qf5 Qxf5 15. exf5 Ne7 16. Nxe7+ Bxe7 17. cxd4 exd4 18. Rfe1 Bf6 19. Bxb7 Rab8 20. Bd5 Rxb2 21. Rac1 Rc8 22. Rc5 Rb6 23. Rec1 Bd8 24. Bb3 c6 25. Kg2 Be7 26. Ra5 Rc7 27. Rd5 Rb4 28. Re5 Kf8 29. g4 Bd6 30. Ra5 Re7 31. h4 1-0

[Event "Zalakaros op 32nd"]
[Site "Zalakaros"]
[Date "2013.05.22"]
[Round "1"]
[White "Vukovic, Ivo"]
[Black "Meszaros, Tamas"]
[Result "1/2-1/2"]
[WhiteElo "2170"]
[BlackElo "2415"]
[PlyCount "94"]
[EventDate "2013.05.22"]
[EventType "swiss"]
[EventRounds "9"]
[EventCountry "HUN"]
[SourceTitle "CBM 154 Extra"]
[Source "ChessBase"]
[SourceDate "2013.06.25"]
[SourceVersion "2"]
[SourceVersionDate "2013.06.25"]
[SourceQuality "1"]

1. Nf3 Nf6 2. b3 d5 3. g3 c5 4. Bg2 Nc6 5. Bb2 e6 6. 0-0 Be7 7. d3 0-0 8. Nbd2 b5 9. Re1 Qc7 10. a4 bxa4 11. Rxa4 Bb7 12. e4 d4 13. Nc4 Nd7 14. Nfd2 a5 15. e5 Ba6 16. Ra1 Bb7 17. f4 Nb6 18. Nxb6 Qxb6 19. Nc4 Qb5 20. Qd2 a4 21. Na3 Qb4 22. Qxb4 cxb4 23. Nc4 a3 24. Bc1 Na5 25. Bxb7 Nxb7 26. Kf1 Na5 27. Ra2 Nxc4 28. dxc4 f6 29. exf6 Rxf6 30. Re4 Rd8 31. Ke2 Rh6 32. h4 Rg6 33. Kf3 d3 34. cxd3 Rxd3+ 35. Re3 Rd1 36. Bd2 Bc5 37. Re1 Rxe1 38. Bxe1 e5 39. fxe5 Kf7 40. Bd2 Ra6 41. Be3 Be7 42. Ke4 Ke6 43. Bd4 Ra5 44. Ba1 Ra8 45. Bd4 Ra5 46. Ba1 Ra8 47. Bd4 Ra5 1/2-1/2

[Event "SVK-ch op-A"]
[Site "Banska Stiavnica"]
[Date "2012.07.10"]
[Round "4"]
[White "Vukovic, Ivo"]
[Black "Meszaros, Michal"]
[Result "0-1"]
[WhiteElo "2227"]
[BlackElo "2411"]
[PlyCount "184"]
[EventDate "2012.07.07"]
[EventType "swiss"]
[EventRounds "9"]
[EventCountry "SVK"]
[SourceTitle "CBM 149 Extra"]
[Source "ChessBase"]
[SourceDate "2012.08.24"]
[SourceVersion "1"]
[SourceVersionDate "2012.08.24"]
[SourceQuality "1"]

1. Nf3 g6 2. d4 Bg7 3. b3 d6 4. e3 Nd7 5. Bb2 Nh6 6. c4 0-0 7. Qc2 e5 8. Nbd2 b6 9. h3 Re8 10. Be2 Bb7 11. d5 f5 12. Rd1 Nf7 13. e4 f4 14. g4 fxg3 15. fxg3 Nf6 16. 0-0 Bc8 17. Kg2 Qd7 18. Rh1 c5 19. Bc1 Qe7 20. Nf1 a6 21. N1h2 Bd7 22. Ng5 Nd8 23. Rhf1 b5 24. Rf2 Rf8 25. Rdf1 h6 26. Ngf3 Nf7 27. Ng1 Kh7 28. Bd2 b4 29. Ng4 Ng8 30. h4 h5 31. Nh2 Bh6 32. Ngf3 Kg7 33. Qc1 Bxd2 34. Qxd2 Ngh6 35. Ng1 a5 36. Nh3 a4 37. Qe3 axb3 38. axb3 Bxh3+ 39. Kxh3 Qd7+ 40. Kg2 Ra3 41. Bd1 Qe7 42. Kg1 Raa8 43. Kg2 Nh8 44. Rxf8 Rxf8 45. Rxf8 Qxf8 46. Nf3 N8f7 47. Ng5 Nxg5 48. Qxg5 Nf7 49. Qe3 Qd8 50. Be2 Nh6 51. Kf2 Ng8 52. Bf3 Nf6 53. Kg2 Qa8 54. Kg1 Qa2 55. Kf1 Qb2 56. Kg1 Qd4 57. Kf2 Qb2+ 58. Kf1 Qd4 59. Kf2 Qxe3+ 60. Kxe3 Kh6 61. Kf2 g5 62. Ke3 Ng8 63. Kf2 Ne7 64. Kg2 Ng6 65. hxg5+ Kxg5 66. Kh3 h4 67. Be2 hxg3 68. Kxg3 Nf4 69. Bd1 Nd3 70. Be2 Nc1 71. Bd1 Nd3 72. Be2 Nc1 73. Bd1 Na2 74. Be2 Nc3 75. Bd3 Nd1 76. Bc2 Ne3 77. Bd3 Ng4 78. Be2 Nf6 79. Bf3 Kg6 80. Kh4 Kh6 81. Bg2 Nh5 82. Kg4 Kg6 83. Bh3 Nf6+ 84. Kf3 Kg5 85. Bf5 Kh4 86. Be6 Nh5 87. Kf2 Nf4 88. Ke3 Kg3 89. Bf7 Ng2+ 90. Kd3 Ne1+ 91. Kd2 Nf3+ 92. Ke3 Nd4 0-1

[Event "SVK-ch op-A"]
[Site "Banska Stiavnica"]
[Date "2012.07.09"]
[Round "3"]
[White "Movsesian, Julia"]
[Black "Vukovic, Ivo"]
[Result "1/2-1/2"]
[WhiteElo "2299"]
[BlackElo "2227"]
[PlyCount "118"]
[EventDate "2012.07.07"]
[EventType "swiss"]
[EventRounds "9"]
[EventCountry "SVK"]
[SourceTitle "CBM 149 Extra"]
[Source "ChessBase"]
[SourceDate "2012.08.24"]
[SourceVersion "1"]
[SourceVersionDate "2012.08.24"]
[SourceQuality "1"]

1. e4 e5 2. Nf3 Nc6 3. d4 exd4 4. Nxd4 d6 5. Be2 Nf6 6. Nc3 Be7 7. 0-0 0-0 8. h3 Bd7 9. Re1 Re8 10. Bf1 h6 11. Bf4 Ne5 12. Nf3 Bf8 13. Nxe5 dxe5 14. Be3 a6 15. Qf3 Bd6 16. Rad1 Qe7 17. Ne2 Kh7 18. Ng3 g6 19. Rd2 Kg7 20. Red1 Be6 21. Ne2 Bb4 22. c3 Bc5 23. Bxc5 Qxc5 24. Nc1 Qe7 25. Qg3 Bd7 26. f3 Bc6 27. Qe1 Rad8 28. Qe3 Rxd2 29. Rxd2 Rd8 30. Rxd8 Qxd8 31. Nd3 Qd6 32. Qc5 Qxc5+ 33. Nxc5 Nd7 34. Nb3 Kf6 35. Na5 Nb8 36. Kf2 Ke7 37. Ke3 Kd7 38. h4 b6 39. Nxc6 Kxc6 40. Bc4 f6 41. Bf7 g5 42. hxg5 hxg5 43. Bc4 Kd6 44. Kf2 c6 45. Ke3 a5 46. g3 Nd7 47. b4 Ke7 48. Kd3 axb4 49. cxb4 b5 50. Bb3 Nb6 51. Ke3 Kd6 52. f4 gxf4+ 53. gxf4 Ke7 54. Kf3 Nc8 55. a4 bxa4 56. Bxa4 Kd7 57. b5 cxb5 58. Bxb5+ Ke7 59. fxe5 fxe5 1/2-1/2